Представление документа в формате MARC21

Поле Инд. ПП Название Значение
Тип записи a
Библиографический уровень b
001 Контрольный номер RU/IS/BASE/264553961
005 Дата корректировки 20220207124503.8
008 Кодируемые данные 19970521
084 a Индекс другой классификации/Индекс ББК 63.3(2)634-6ю11
097 00 a 750
245 11 a Заглавие "Одобрить стратегическую линию СССР применительно к ООН"
b Продолж. заглавия Постановление Политбюро ЦК КПСС. 1989 г.
c Ответственность публ. и предисловие Ю. И. Стрижова
504 00 a Библиография Примеч.
600 a Персоналии Горбачев Михаил Сергеевич
650 a Основная рубрика внешняя политика
a Основная рубрика история
a Основная рубрика международные отношения
653 00 a Ключевые слова XX век
a Ключевые слова история международных отношений
a Ключевые слова Коммунистическая партия Советского Союза (КПСС)
a Ключевые слова международная безопасность
a Ключевые слова международные организации
a Ключевые слова Организация Объединенных Наций (ООН)
a Ключевые слова политика
a Ключевые слова Россия
a Ключевые слова советский период
a Ключевые слова СССР
a Ключевые слова Центральный Комитет КПСС
700 10 a Автор Стрижов Ю. И.
e Роль лиц автор публикации; автор предисловия
773 00 t Заглавие источника Исторический архив
d Дата издания источника 1996
g Прочая информация № 2. - С. 159 - 175
w Контрольный № источника RU/IS/BASE/142005402
901 t Тип документа b